| 000 | 00376nam a22001217a 4500 | ||
|---|---|---|---|
| 082 | _aTHE 200 | ||
| 100 |
_aREHAN MEHMOOD _972655 |
||
| 245 | _aTH-SOF-0983-SALIENCY BASED OBJECT DETECTION AND ENHANCEMENTS IN STATIC IMAGES | ||
| 260 |
_aNUST COLLEGE OF EME _bISLAMABAD _c2001 |
||
| 650 | _a MS-COMPUTER ENGINEERING-69 MSTHESIS | ||
| 700 |
_aDR SAAD REHMAN _916115 |
||
| 942 | _cCF | ||
| 999 |
_c578655 _d578655 |
||